MARC

LEADER 00000nam0a2200000 4500
001 237600
005 20231101231541.0
035 |a (RuTPU)RU\TPU\book\258775 
090 |a 237600 
100 |a 20130516d1984 m y0rusy50 ca 
101 0 |a rus 
102 |a RU 
105 |a a j 001zy 
200 1 |a Методы внеатмосферной астрономии  |e учебное пособие  |f Е. И. Москаленко 
210 |a Москва  |c Наука  |d 1984 
215 |a 280 с.  |c ил. 
320 |a Библиогр. в конце глав. 
606 1 |a Внеатмосферная астрономия  |2 stltpush  |3 (RuTPU)RU\TPU\subj\66481  |9 82581 
610 1 |a внеатмосферные исследования 
610 1 |a аппараты 
610 1 |a типы 
610 1 |a космос 
610 1 |a радиоастрономические наблюдения 
610 1 |a инфракрасная астрономия 
610 1 |a субмиллиметровая астрономия 
610 1 |a наблюдения 
610 1 |a методы 
610 1 |a гамма-излучения 
675 |a 520(075.8)  |v 3 
700 1 |a Москаленко  |b Е. И.  |g Евгений Иванович 
801 1 |a RU  |b 63413507  |c 20130516 
801 2 |a RU  |b 63413507  |c 20150126  |g RCR 
942 |c BK